| 000 | 02612cam a22002658i 4500 | ||
|---|---|---|---|
| 003 | OSt | ||
| 005 | 20250523123702.0 | ||
| 008 | 240726s2025 pau ob 001 0 eng | ||
| 020 | _a9789349057 | ||
| 040 | _cddc | ||
| 082 | 0 | 0 |
_a612.7/6 _223 |
| 100 | 1 | _aSamuels-Colt, Vickie, | |
| 245 | 1 | 0 |
_aFoundation in kinesiology and biomechanics / _cVickie Samuels-Colt. |
| 250 | _aSecond edition. | ||
| 260 |
_aNew Delhi _bCBS Publishers & Distributors |
||
| 263 | _a2412 | ||
| 505 | 0 | _aPrinciples of Kinesiology and Biomechanics -- Additional Biomechanical Principles -- Structure and Function of Joints -- Structure and Function of Muscles -- Structure and Function of the Spine -- Structure and Ventilation Function of the Thorax -- Structure and Function of the Temporomandibular Joint -- Structure and Function of the Shoulder Complex -- Structure and Function of the Elbow Complex -- Structure and Function of the Wrist and Hand Complex -- Structure and Function of the Hip Complex -- Structure and Function of the Knee -- Structure and Function of the Ankle and Foot Complex -- The Kinesiology of Gait. | |
| 520 | _a"Foundation in Kinesiology and Biomechanics provides students with a solid conceptual foundation in the study of movement producing a springboard for the study of movement impairments and rehabilitation of dysfunction. This second edition continues to provide students with a solid conceptual foundation in kinesiology as they prepare for careers where an understanding of the musculoskeletal system and its function is the cornerstone of their future profession. This text presents content and a newly added lab textbook with activities emphasizing conceptual concepts rather than rote memorization of facts. The text lays the groundwork for study of impairments and interventions for those entering fields of physical and occupational therapy, athletic training, exercise, strength and conditioning training, sports medicine, and kinesiology. The addition of the lab manual to the second edition provides students with hands-on activities allowing them to experience kinesiology concepts related to general concepts, each body segment, posture, and gait"-- | ||
| 650 | 0 |
_aOccupational Therapy _vOccupational Therapy _xkinesiology and biomechanics |
|
| 776 | 0 | 8 |
_iPrint version: _aSamuels-Colt, Vickie. _tFoundation in kinesiology and biomechanics _bSecond edition. _dPhiladelphia, PA : F.A. Davis Company, [2025] _z9781719649902 _w(DLC) 2024034391 |
| 906 |
_a7 _bcbc _corignew _d1 _eecip _f20 _gy-gencatlg |
||
| 942 |
_cBK _2ddc |
||
| 999 |
_c249050 _d249050 |
||